Places And Their Video Games - Statistics

General Stats
  • This quiz has been taken 3,041 times
    2,710 since last reset
  • The average score is 7 of 16
Answer Stats
Hint Answer % Correct
Los Santos, San Fierro, Las Venturas GTA: San Andreas
98%
Vault 101, Megaton, Rivet City Fallout 3
73%
Nuke Town, Meltdown, Raid COD: Black Ops 2
72%
Mushroom Kingdom, Bowers Castle, King Dededes Castle Super mario
72%
Armadillo, Tumbleweed, Mexico Red Dead Redemption
65%
Kanto, Johto, Sinnoh Pokemon
63%
Tuscany, Venice, Monteriggioni Assassin's Creed 2
51%
Sword Base, Forge World, Planet Reach Halo: Reach
44%
Fyrestone, Old Haven, Arid Badlands Borderlands
41%
Mercy Hospital, Whispering Oaks, Ductel Sugar Mill Left 4 Dead 2
28%
Port Carverton, San Vanelona, Downtown Skate
19%
St. John Dairy Farm, Everett Pharmacey, Savannah The Walking Dead
19%
Downhill Jam, Skatopia, The Triangle TH: Underground 2
19%
Mendoza Airport, San Esperito, Paradiso Bay Just Cause
10%
Dead City, Subway Town, Wellsprings Rage
5%
MT:Tanner, Trumbull County, Fairground State of Decay
2%
No matching quizzes found
Score Distribution
Percent of People with Each Score
Percentile by Number Answered
Your Score History
You have not taken this quiz since the last reset